Micro Economics: (Record no. 6427)

MARC details
000 -LEADER
fixed length control field 00599nam a22002057a 4500
003 - CONTROL NUMBER IDENTIFIER
control field OSt
005 - DATE AND TIME OF LATEST TRANSACTION
control field 20200120153325.0
008 - FIXED-LENGTH DATA ELEMENTS--GENERAL INFORMATION
fixed length control field 200120b ||||| |||| 00| 0 eng d
020 ## - INTERNATIONAL STANDARD BOOK NUMBER
International Standard Book Number 0075526131
040 ## - CATALOGING SOURCE
Transcribing agency DDC.
082 ## - DEWEY DECIMAL CLASSIFICATION NUMBER
Classification number 338.5McC 1996.
100 ## - MAIN ENTRY--PERSONAL NAME
Personal name McConnell,Campbell,R;Brue,L.Stanley;Barbiero,P.Thomas;
9 (RLIN) 13187
245 ## - TITLE STATEMENT
Title Micro Economics:
Remainder of title Scarcity,Wants and Choices;
250 ## - EDITION STATEMENT
Edition statement 8th ed.
260 ## - PUBLICATION, DISTRIBUTION, ETC. (IMPRINT)
Place of publication, distribution, etc. Toronto,
Name of publisher, distributor, etc. MCGraw-Hill Ryerson Limited.
Date of publication, distribution, etc. 1996.
300 ## - PHYSICAL DESCRIPTION
Extent xxiv,534p;
Other physical details col,ill;
Dimensions 29cm.
504 ## - BIBLIOGRAPHY, ETC. NOTE
Bibliography, etc includes index and glossary.
650 ## - SUBJECT ADDED ENTRY--TOPICAL TERM
Source of heading or term Economics.
942 ## - ADDED ENTRY ELEMENTS (KOHA)
Source of classification or shelving scheme Other/Generic Classification Scheme
Koha item type Open Shelf
Holdings
Withdrawn status Lost status Source of classification or shelving scheme Damaged status Not for loan Home library Current library Date acquired Source of acquisition Inventory number Total Checkouts Full call number Barcode Date last seen Price effective from Koha item type
    Dewey Decimal Classification     MUST Main Library MUST Main Library 20/01/2020 Purchase 05/24177   338.5McC 1996. 2020-0035 20/01/2020 20/01/2020 Open Shelf